| 000 | 00867nam a22002411i 4500 | ||
|---|---|---|---|
| 001 | 19569 | ||
| 090 | _a19569 | ||
| 010 | _a9789722712071 | ||
| 100 | _a20170304u u u0frey50 ba | ||
| 101 | 0 | _apor | |
| 200 | 1 |
_fEudoro de Sousa _aHorizonte e complementaridade sempre o mesmo acerca do mesmo |
|
| 215 |
_a387, [5] p. _d24 cm |
||
| 300 | _aOferta de Imprensa Nacional - Casa da Moeda | ||
| 700 | 1 |
_aSousa _bEudoro de _4070 |
|
| 702 | 1 |
_aBastos _bFernando _4080 |
|
| 210 |
_cImprensa Nacional-Casa da Moeda _aLisboa _dD.L. 2002 |
||
| 225 | 2 | _aEstudos gerais | |
| 410 | 0 | _tEstudos gerais | |
| 225 | 2 | _iSérie universitária | |
| 411 | 0 | _tSérie universitária | |
| 996 |
_f0026719 _kSOU _m00000000 _n00000000 _aBMVA _b1 _vViana do Alentejo _xFilosofia _y24 _eLivro _10 _31 |
||
| 996 |
_f0030784 _kSOU _m00000000 _n00000000 _aBMVA _b1 _vAlcáçovas _xFilosofia _y24 _eLivro _10 _31 |
||
| 990 | _cLIVROS | ||